<?xml version="1.0" encoding="UTF-8"?>
<record
    xmlns:xsi="http://www.w3.org/2001/XMLSchema-instance"
    xsi:schemaLocation="http://www.loc.gov/MARC21/slim http://www.loc.gov/standards/marcxml/schema/MARC21slim.xsd"
    xmlns="http://www.loc.gov/MARC21/slim">

  <leader>01227nam a2200205Ia 4500</leader>
  <datafield tag="999" ind1=" " ind2=" ">
    <subfield code="c">36567</subfield>
    <subfield code="d">36567</subfield>
  </datafield>
  <controlfield tag="001">2486</controlfield>
  <controlfield tag="003">GE_BSU</controlfield>
  <controlfield tag="005">20221229155640.0</controlfield>
  <controlfield tag="008">181216s2010||||ge |||||||||||||| ||geo||</controlfield>
  <datafield tag="040" ind1=" " ind2=" ">
    <subfield code="c">GE_BSU</subfield>
  </datafield>
  <datafield tag="041" ind1=" " ind2=" ">
    <subfield code="a">geo</subfield>
  </datafield>
  <datafield tag="080" ind1=" " ind2=" ">
    <subfield code="a">338.48(075.8)  &#x10E2;&#x2013;92</subfield>
  </datafield>
  <datafield tag="245" ind1=" " ind2=" ">
    <subfield code="a">&#x10E2;&#x10E3;&#x10E0;&#x10D8;&#x10D6;&#x10DB;&#x10D8;&#x10E1; &#x10E1;&#x10D0;&#x10E4;&#x10E3;&#x10EB;&#x10D5;&#x10DA;&#x10D4;&#x10D1;&#x10D8; :</subfield>
    <subfield code="b">(&#x10D3;&#x10D0;&#x10DB;&#x10EE;&#x10DB;&#x10D0;&#x10E0;&#x10D4; &#x10E1;&#x10D0;&#x10E1;&#x10EC;&#x10D0;&#x10D5;&#x10DA;&#x10DD;&#x2013; &#x10DB;&#x10D4;&#x10D7;&#x10DD;&#x10D3;&#x10E3;&#x10E0;&#x10D8; &#x10E1;&#x10D0;&#x10EE;&#x10D4;&#x10DA;&#x10DB;&#x10EB;&#x10E6;&#x10D5;&#x10D0;&#x10DC;&#x10D4;&#x10DA;&#x10DD; /</subfield>
    <subfield code="c">&#x10D8;&#x10DA;&#x10D8;&#x10D0; &#x10ED;&#x10D0;&#x10D5;&#x10ED;&#x10D0;&#x10D5;&#x10D0;&#x10EB;&#x10D8;&#x10E1; &#x10E1;&#x10D0;&#x10EE; &#x10E3;&#x10DC;&#x2013;&#x10E2;&#x10D8; &#x10D1;&#x10D8;&#x10D6;&#x10DC;&#x10D4;&#x10E1;&#x10D8;&#x10E1; &#x10D3;&#x10D0; &#x10E1;&#x10D0;&#x10DB;&#x10D0;&#x10E0;&#x10D7;&#x10DA;&#x10D8;&#x10E1; &#x10E4;&#x10D0;&#x10D9;&#x2013;&#x10E3;&#x10E2;&#x10D8; &#x10E2;&#x10E3;&#x10E0;&#x10D8;&#x10D6;&#x10DB;&#x10D8;&#x10E1; &#x10DB;&#x10D4;&#x10DC;&#x10D4;&#x10EF;&#x10DB;&#x10D4;&#x10DC;&#x10E2;&#x10D8;&#x10E1; &#x10EA;&#x10D4;&#x10DC;&#x10E2;&#x10E0;&#x10D8;.</subfield>
  </datafield>
  <datafield tag="245" ind1=" " ind2=" ">
    <subfield code="b">(&#x10D3;&#x10D0;&#x10DB;&#x10EE;&#x10DB;&#x10D0;&#x10E0;&#x10D4; &#x10E1;&#x10D0;&#x10E1;&#x10EC;&#x10D0;&#x10D5;&#x10DA;&#x10DD;&#x2013; &#x10DB;&#x10D4;&#x10D7;&#x10DD;&#x10D3;&#x10E3;&#x10E0;&#x10D8;  &#x10E1;&#x10D0;&#x10EE;&#x10D4;&#x10DA;&#x10DB;&#x10EB;&#x10E6;&#x10D5;&#x10D0;&#x10DC;&#x10D4;&#x10DA;&#x10DD; &#x10D8;&#x10DA;&#x10D8;&#x10D0; &#x10ED;&#x10D0;&#x10D5;&#x10ED;&#x10D0;&#x10D5;&#x10D0;&#x10EB;&#x10D8;&#x10E1; &#x10E1;&#x10D0;&#x10EE; &#x10E3;&#x10DC;&#x2013;&#x10E2;&#x10D8; &#x10D1;&#x10D8;&#x10D6;&#x10DC;&#x10D4;&#x10E1;&#x10D8;&#x10E1; &#x10D3;&#x10D0; &#x10E1;&#x10D0;&#x10DB;&#x10D0;&#x10E0;&#x10D7;&#x10DA;&#x10D8;&#x10E1; &#x10E4;&#x10D0;&#x10D9;&#x2013;&#x10E3;&#x10E2;&#x10D8; &#x10E2;&#x10E3;&#x10E0;&#x10D8;&#x10D6;&#x10DB;&#x10D8;&#x10E1;  &#x10DB;&#x10D4;&#x10DC;&#x10D4;&#x10EF;&#x10DB;&#x10D4;&#x10DC;&#x10E2;&#x10D8;&#x10E1;  &#x10EA;&#x10D4;&#x10DC;&#x10E2;&#x10E0;&#x10D8;</subfield>
  </datafield>
  <datafield tag="264" ind1=" " ind2=" ">
    <subfield code="c">2010.</subfield>
  </datafield>
  <datafield tag="300" ind1=" " ind2=" ">
    <subfield code="a">128 &#x10D2;&#x10D5;.</subfield>
  </datafield>
  <datafield tag="541" ind1=" " ind2=" ">
    <subfield code="h">8 &#x10DA;</subfield>
  </datafield>
  <datafield tag="653" ind1=" " ind2=" ">
    <subfield code="a">&#x10E2;&#x10E3;&#x10E0;&#x10D8;&#x10D6;&#x10DB;&#x10D8;&#x10E1; &#x10E1;&#x10D0;&#x10E4;&#x10E3;&#x10EB;&#x10D5;&#x10DA;&#x10D4;&#x10D1;&#x10D8;.</subfield>
  </datafield>
  <datafield tag="942" ind1=" " ind2=" ">
    <subfield code="c">BK</subfield>
    <subfield code="2">udc</subfield>
  </datafield>
  <datafield tag="952" ind1=" " ind2=" ">
    <subfield code="0">0</subfield>
    <subfield code="1">0</subfield>
    <subfield code="2">udc</subfield>
    <subfield code="4">0</subfield>
    <subfield code="6">338480758_&#x10E2;92</subfield>
    <subfield code="7">0</subfield>
    <subfield code="9">35599</subfield>
    <subfield code="a">CPL</subfield>
    <subfield code="b">CPL</subfield>
    <subfield code="c">GEN</subfield>
    <subfield code="d">2018-12-17</subfield>
    <subfield code="g">8.00</subfield>
    <subfield code="o">338.48(075.8)  &#x10E2;&#x2013;92</subfield>
    <subfield code="p">1011</subfield>
    <subfield code="r">2018-12-17</subfield>
    <subfield code="t">1011</subfield>
    <subfield code="w">2018-12-17</subfield>
    <subfield code="y">BK</subfield>
    <subfield code="z">8 &#x10DA;.</subfield>
  </datafield>
</record>
